000 00583nam a2200145 i 4500
001 30827
003 ES-MaACL
005 20230906154247.0
007 t|
008 030127s1904 sp ||||1| spa d
100 1 _aBellido i Golferichs, Jesús María (
_d1880-1952)
_927218
245 1 0 _aRelaciones entre la hipófisis y las formaciones situadas en la bóveda faríngea en el embrión, en el feto, en el niño y en el adulto /
_cMemoria presentada por Jesús M. Bellido Golferichs.
260 _aBarcelona :
_b[s.n.,
_c1904] (
_fEst. Tip. La Ibérica)
852 _aES-MaACL
_jT-1133-F-15
999 _c30827
_d30827